000 00404nam a2200133Ia 4500
008 220803s9999 xx 000 0 und d
020 _a9789383184057
041 _aeng
082 _a720.28 PUR
100 _aPuri S Ed. Dave A Ed. & Patel K Ed.
_929866
245 _aSID 25 Curriculum Exposition : Residence And Commercial .-9789383184057
260 _b"CEPT University, Ahmedabad"
_c2015
300 _a110p
999 _c18712
_d18712